000 00854nam a2200253Ia 4500
003 OSt
005 20220923214859.0
006 a|||||r|||| 00| 0
007 ta
008 220922b |||||||| |||| 00| 0 hin d
024 _a173,469
037 _cTextual
040 _aARTS
_cARTS
_bhin
041 _2hin
_ahin
082 _aO152,6M48x, J0
100 _aभट्ट, बालकृष्ण; भट्ट, देवीदत, संपा.
_9163485
245 0 _aभट्ट - निबन्धावली
246 _aBhaṭṭa - nibandhāvalī
250 _aसंस्क0 3
260 _c1950
650 _aहिन्दी साहित्य
_9156264
942 _hO152,6M48x, J0
_cTEXL
_2CC
999 _c327363
_d327363